000 00552nam a2200181Ia 4500
008 090201s9999 xx 000 0 und d
010 _aKPL-74843
040 _bमराठी
041 _aमराठी
082 _a55403
_b74843
100 _aसुधा नरवणे
245 _aते अठरा सेकंद
_cसुधा नरवणे
250 _a1
260 _c2008
_bनिशिगंधा प्रकाशन
300 _a200
_bलहान
600 _aते अठरा सेकंद
942 _cBOOK
999 _c251664
_d251664